000 00638nam a2200229Ia 4500
003 OSt
005 20220926000952.0
006 a|||||r|||| 00| 0
007 ta
008 220923b |||||||| |||| 00| 0 eng d
037 _cGeneral Book
040 _aRTL
_cRTL
_beng
041 _2eng
_aeng
082 _aX:77, M1
100 _aGilder George
_9151349
245 0 _aWealth and poverty
260 _a New Delhi
_bKalyani Publishers India
_c1981
300 _axii,306p., Bibliography: P 289-96
_ccm.
650 _aEconomics Development
942 _hX:77, M1
_cGB
_2CC
999 _c600120
_d600120